| Поле | Инд. | ПП | Название | Значение |
|---|---|---|---|---|
| Тип записи | m | |||
| Библиографический уровень | m | |||
| 001 | Контрольный номер | 97c931ef7efd4363bab3888f94391e46 | ||
| 005 | Дата корректировки | 20230206113315.7 | ||
| 008 | Кодируемые данные | 220316|||||||||ru |||||||||||||||||rus|| | ||
| 020 | a | ISBN | 978-5-907368-30-9 | |
| 040 | a | Служба первич. каталог. | DE | |
| b | Код языка каталог. | rus | ||
| e | Правила каталог. | PSBO | ||
| 084 | a | Индекс другой классификации/Индекс ББК | 65.291.551я7+74.480.28я7+65.263я7 | |
| 100 | 1_ | a | Автор | Агарков С. А. |
| 203 | a | Вид содержания | Текст | |
| c | Тип средства | электронный | ||
| 245 | 10 | a | Заглавие | Экономическое обоснование технических решений в выпускных квалификационных работах |
| b | Продолж. заглавия | учебное пособие для обучающихся по техническим специальностям и направлениям подготовки | ||
| c | Ответственность | Министерство науки и высшего образования Российской Федерации, Федеральное государственное автономное образовательное учреждение высшего образования "Мурманский государственный технический университет" | ||
| h | Физич. носитель | Электронный ресурс | ||
| 260 | a | Место издания | Мурманск | |
| b | Издательство | МГТУ | ||
| c | Дата издания | 2021 | ||
| 300 | a | Объем | 127 с. | |
| b | Иллюстрации/ тип воспроизводства | ил. | ||
| 500 | a | Примечание | Электрон. текстовые дан. (1 файл : 3,41 Мб) | |
| 500 | a | Примечание | URL: https://elib.mauniver.ru/2022/U_22_02.pdf | |
| 500 | a | Примечание | Доступ из локальной сети Мурманского государственного технического университета. - Загл. с титул. экрана.- Имеется печ. аналог 2021 г. | |
| 504 | a | Библиография | Библиография: с. 113-115 | |
| 520 | 0_ | a | Аннотация | В пособии рассмотрены методы экономического анализа и оценки эффективности инвестиционных решений, применяемые в проектно-конструкторских, производственно-технологических и организационно-экономических видах деятельности с целью формирования у обучающихся научных представлений и практических компетенций в области экономического обоснования технико-технологических нововведений (инноваций), а также оценки экономической эффективности инвестиций. Предназначено для студентов и курсантов, обучающихся по техническим специальностям и направлениям подготовки. Рассмотренные подходы к экономическому обоснованию инвестиционных решений могут быть полезны для специалистов-практиков |
| 583 | x | Служебное примечание | Технические специальности. ВПО | |
| 650 | 04 | a | Основная рубрика | Высшее образование-Инновационная деятельность-Учебные издания для высших учебных заведений |
| 650 | 04 | a | Основная рубрика | Высшее образование-Инвестиции-Учебные издания для высших учебных заведений |
| 650 | 04 | a | Основная рубрика | Выпускные квалификационные работы-Учебные издания для высших учебных заведений |
| 653 | 0_ | a | Ключевые слова | Выпускные квалификационные работы |
| a | Ключевые слова | Высшее образование | ||
| a | Ключевые слова | Инвестиционная деятельность | ||
| a | Ключевые слова | Инвестиционные проекты | ||
| a | Ключевые слова | Инвестиционные решения | ||
| a | Ключевые слова | Инновационная деятельность | ||
| a | Ключевые слова | Инновации в образовании | ||
| a | Ключевые слова | Расчеты экономические затраты | ||
| a | Ключевые слова | Технико-технологические инновации | ||
| a | Ключевые слова | Технико-технические решения | ||
| a | Ключевые слова | Труды преподавателей МГТУ | ||
| a | Ключевые слова | Управленческие решения | ||
| a | Ключевые слова | Управление образованием | ||
| a | Ключевые слова | Экономическая эффективность | ||
| a | Ключевые слова | Электронные версии | ||
| a | Ключевые слова | Эффективность экономическая | ||
| 700 | 12 | a | Другие авторы | Савельева С. Б. |
| 700 | 12 | a | Другие авторы | Мурманский государственный технический университет |
| e | Роль лиц | Издатель | ||
| 710 | 12 | a | Организация/ юрисдикция | Мурманский государственный технический университет |
| 856 | 40 | u | URL | https://elib.mauniver.ru/2022/U_22_02.pdf |
| 900 | a | Имя макрообъекта | Агарков С.А. Экономическое обоснование | |
| 901 | t | Тип документа | m | |
| 952 | b | Гриф литературы для ВШ | Допущено в качестве учебного пособия | |
| c | Вид литературы | учебное пособие |